Harry Potter Book Titles - Statistics

General Stats
  • This quiz has been taken 99 times
  • The average score is 6 of 7
Answer Stats
Book # Title % Correct
1 Harry Potter and the Philosopher's Stone
94%
2 Harry Potter and the Chamber of Secrets
93%
4 Harry Potter and the Goblet of Fire
89%
6 Harry Potter and the Half Blood Prince
89%
7 Harry Potter and the Deathly Hallows
86%
5 Harry Potter and the Order of the Phoenix
85%
3 Harry Potter and the Prisoner of Azkaban
85%
No matching quizzes found
Score Distribution
Percent of People with Each Score
Percentile by Number Answered
Your Score History
You have not taken this quiz